| 000 | 00834nam a22002177a 4500 | ||
|---|---|---|---|
| 999 |
_c17623 _d17623 |
||
| 003 | AR-CdUCM | ||
| 008 | 190509b ||||| |||| 00| 0 spa d | ||
| 040 |
_aMUNICIPALIDAD PROVINCIAL DEL CUSCO _cBIBLIOTECA MUNICIPAL DEL CUSCO |
||
| 082 |
_23ed _a379 / _bL98 |
||
| 100 |
_aLuzzurriaga, Lorenzo _937755 |
||
| 245 | _aHistoria de la educación y de la pedagogía / | ||
| 260 |
_aBuenos Aires : _bLosada, _c1959. |
||
| 300 |
_a288 páginas ; _c20 cm. |
||
| 440 |
_aBiblioteca pedagógica _936504 |
||
| 505 | _aContenido: Concepto de la historia de la educación y de la pedagogía -- Factores de la historia de la educación y de la pedagogía -- Etapas de la historia de la educación... | ||
| 650 |
_aEducación _9460 |
||
| 650 |
_aPedagogía _91560 |
||
| 650 |
_aHistoria _9136 |
||
| 942 |
_2ddc _cLIBROS |
||
| 945 |
_adavv _d2019-05-09 |
||